Η ανάλυση ποσοτικών δεδομένων
Αποθηκεύτηκε σε:
| Κύριος συγγραφέας: | |
|---|---|
| Μορφή: | Βιβλίο |
| Γλώσσα: | Greek French |
| Δημοσίευση: |
Αθήνα :
Τόπος,
c2008.
|
| Θέματα: | |
| Ετικέτες: |
Προσθήκη ετικέτας
Δεν υπάρχουν, Καταχωρήστε ετικέτα πρώτοι!
|
MARC
| LEADER | 00000cam a2200000 i 4500 | ||
|---|---|---|---|
| 001 | 1/12970 | ||
| 008 | 110415s2008 gr | ||| |||| ||gre|| | ||
| 020 | |a 9789606760716 | ||
| 035 | |l 10110011 | ||
| 040 | |a GR-MyUa |b gre |e AACR2 | ||
| 041 | 1 | |a gre |h fre | |
| 082 | 7 | |a 519.535 |2 (22) | |
| 082 | 7 | |a 301.0727 |2 (23) | |
| 100 | 1 | |a Martin, Olivier. | |
| 245 | 1 | 2 | |a Η ανάλυση ποσοτικών δεδομένων / |c Olivier Martin ; μετάφραση-επιμέλεια Ηλίας Αθανασιάδης. |
| 260 | |a Αθήνα : |b Τόπος, |c c2008. | ||
| 300 | |a 146 σ. ; |c 21 εκ. | ||
| 500 | |a Τίτλος πρωτοτύπου: L' enquête et ses methods : l' analyse de données quantitatives. | ||
| 504 | |a Βιβλιογραφία: σ. 145-146. | ||
| 650 | 0 | |a Sociology |x Statistical methods. | |
| 650 | 0 | |a Social sciences |x Statistical methods. | |
| 650 | 0 | |a Multivariate analysis. | |
| 852 | |a INST |b RHODES |c EUDOXUS |e 20110415 |h 519.535 MAR |p 005400033067 |q 005400033067 |t EDX |y 0 | ||
| 852 | |a INST |b RHODES |c EUDOXUS |e 20130404 |h 519.535 MAR |p 005400035075 |q 005400035075 |t EDX |y 0 | ||
| 852 | |a INST |b SYROS |e 20180115 |h 301.0727 MAR |p 005500013264 |q 005500013264 |t BK |y 0 | ||
| 901 | |a BIBL4-2011-1 | ||
| 901 | |a BIBL4-2013-1 | ||
| 920 | |a Εύδοξος |b Επιστροφή |y Ρόδος |z 2011-04 | ||
| 920 | |a Εύδοξος |b Επιστροφή |y Ρόδος |z 2013-04 | ||
| 970 | |z 2011/04/ | ||